000 00840nam a2200229 a 4500
003 DO-SdBNP
005 20260206100315.0
007 ta
008 211014e2017 ec a|||fr|||| 001 0 spa d
020 _a9789211327366
040 _aDO-SdBNP
_bspa
_cBNPHU
082 4 _222
_bC748a
111 2 _aConferencia de las Naciones Unidas sobre Vivienda y Desarrollo Urbano Sostenible
_d (3er: 2016:
_cQuito, Ecuador)
_980208
245 1 0 _aNueva agenda urbana:
_bH III. hábitat III: Quito 17-20 de octubre de 2016. /
_cPrólogo de Joan Clos
260 _aNaciones Unidas :
_bSecretaría de Habitat III,
_c2017
300 _a54 p. :
_bil. ;
_c20 cm.
650 0 _aDESARROLLO URBANO
_97889
650 4 _aUrbanismo
_xAspectos sociales
_980209
650 4 _aDistribución del hábitat
_980210
700 1 _aClos, Joan
_eprólogo
_980211
942 _2ddc
_cLBS1
999 _c50749
_d50749